Una teoría de la democracia compleja : gobernar en el siglo XXI /
Uloženo v:
| Hlavní autor: | |
|---|---|
| Médium: | Kniha |
| Jazyk: | španělština |
| Vydáno: |
Barcelona, España :
Galaxia Gutenberg,
2020, c2020
|
| Vydání: | 3a edición |
| Edice: | (Ensayo Galaxia Gutenberg)
|
| Témata: | |
| Tagy: |
Žádné tagy, Buďte první, kdo vytvoří štítek k tomuto záznamu!
|
MARC
| LEADER | 00000nam^a2200000^a^4500 | ||
|---|---|---|---|
| 001 | 000578181 | ||
| 005 | 20250521000000.0 | ||
| 009 | 20260310132504.135 | ||
| 020 | |a 978-84-17971-46-5 | ||
| 037 | |a Acervo ITESO - Biblioteca | ||
| 041 | |a ESP | ||
| 082 | |a 320. 01 |b INN | ||
| 100 | |a Innerarity, Daniel |e (autor) | ||
| 245 | 1 | 4 | |a Una teoría de la democracia compleja : |b gobernar en el siglo XXI / |c D. Innerarity. |
| 250 | |a 3a edición | ||
| 264 | 4 | |a Barcelona, España : |b Galaxia Gutenberg, |c 2020, c2020 | |
| 300 | |a 446 p. | ||
| 336 | |a texto |b txt |2 rdacontenido | ||
| 337 | |a sin mediación |b n |2 rdamedio | ||
| 338 | |a volumen |b nc |2 rdasoporte | ||
| 440 | 1 | |a (Ensayo Galaxia Gutenberg) | |
| 521 | |a FIL 2023 DIA | ||
| 649 | |a XX | ||
| 650 | |a Democracia - |x Teoría - |x Tema Principal | ||
| 650 | |a Sistema Político | ||
| 650 | |a Gobernanza | ||
| 650 | |a Tecnologías de Comunicación e Información - |x Aspectos Políticos | ||
| 650 | |a Comunicación y Política | ||
| 650 | |a Proceso Político | ||
| 650 | |a Administración Pública | ||
| 650 | |a Complejidad (Ciencias Sociales) | ||
| 650 | |a Política Internacional - |x Historia - |y Siglo XXI | ||
| 650 | |a Política - |x Teoría | ||
| 650 | |a Filosofía Política | ||
| 910 | |a Fondo General | ||
| 920 | |a Impresos - Libros | ||
| 930 | |a Colección General | ||
| 905 | |a 101 | ||
| 901 | |a 0500405695 |b IT1 |c ACC |i C184799 |u 20250521 | ||
| 902 | |a https://opac.biblio.iteso.mx/vufind/Record/000578181 | ||